1868 1906 1982 1392 1827 1886 1900 1006 1114 1714 1694 1069 1888 1241 1213 1324 1510 1500 1079 1319 1087 1772 1428 1291 1481 1104 1056 1024 1244 1587 1193 1539 1141 1195 1931 1126 1719 1005 1677 1691 1302 1331 1971 1302 1622 1672 1802 1518 1249 1163 1227 1199 1188 1093 1501 1022 1580 1162 1710 1765 1354 1145 1648 1098 1376 1077 1552 1549 1481 1605 1428 1786 1981 1558 1412 1020 1760 1922 1829 1305 1282 1809 1660 1574 1000 1123 1806 1436 1858 1475 1317 1036 1661 1485 1979 1696 1173 1095 1861 BCNSPRNW ULIB Ver.6.0+V

เปลี่ยนเป็นภาษาไทย

Change to English
 แสดงรายละเอียดบรรณานุกรม
  กลับหน้าหลัก

Brief Record : Get Marc (ISO 2709) : E-mail record : QR code < ปิดหน้าต่าง
LEADER : 00000nam 2200000uu 4500
001    13399120296
003     ULIB
008    120918s2547||||th 000 0 tha d
020    ^a9749523636
060 04 ^aWY159^bป191ก 2547
100 0  ^aประกายแก้ว ประพฤติถ้อย
245 10 ^aการพยาบาลกุมารเวชศาสตร์ /^cประกายแก้ว ประพฤติถ้อย ;ผู้ปรับปรุง, กรองกาญจน์ ศิริภักดี
250    ^aพิมพ์ครั้งที่ 4
260    ^aนนทบุรี :^bโครงการส่งเสริมการแต่งตำรามหาวิทยาลัยสุโขทัยธรรมาธิราช,^c2547
300    ^a(13), 310 หน้า :^bภาพประกอบ ;^c26 ซม.
650  7 ^aการพยาบาลกุมารเวชศาสตร์
700 0  ^aกรองกาญจน์ ศิริภักดี,^eผู้ปรับปรุง
710 2  ^aมหาวิทยาลัยสุโขทัยธรรมาธิราช. ^bโครงการส่งเสริมการแต่งตำรา
945    ^p0^l0^i24014
945    ^p0^l0^i24368
995    ^aวิภา
999 ^a ใช้งานได้ทุกระบบ
รายการนี้ยังไม่มีแท็ก
คุณยังไม่ได้ล็อกอิน คุณสามารถมีกิจกรรมร่วมกับเว็บไซต์ได้ แต่ต้องล็อกอินก่อน ::
  ล็อกอิน

รายการสื่อสารสนเทศ

ลำดับที่ ประเภท เลขเรียก/บาร์โค้ด สถานที่ สถานะ
1. วิทยาศาสตร์การแพทย์ และสุขภาพ
วิทยาศาสตร์การแพทย์ และสุขภาพ
WY159 ป191ก 2547  
  Barcode: 24014
ห้องสมุดวิทยาเขตสวรรค์ประชารักษ์
►นวนิยาย
ถูกยืม กำหนดส่งวันที่ 11 พฤษภาคม 2558
  จอง
2. วิทยาศาสตร์การแพทย์ และสุขภาพ
วิทยาศาสตร์การแพทย์ และสุขภาพ
WY159 ป191ก 2547 ฉ.2 
  Barcode: 24368
ห้องสมุดวิทยาเขตสวรรค์ประชารักษ์
►นวนิยาย
ถูกยืม กำหนดส่งวันที่ 11 พฤษภาคม 2558
  จอง

รายการใกล้เคียง
    ผู้แต่ง [ประกายแก้ว ประพฤติถ้อย]

    หัวเรื่อง [การพยาบาลกุมารเวชศาสตร์]

BibComment


ยังไม่เคยถูกคอมเมนท์

คอมเมนท์ทรัพยากรรายการนี้
  คอมเมนท์: การพยาบาลกุมารเว..


 Copyright 2026. Bcnsprnw @Library